000 00935nam0a22002771 4500
001 RU\NLR\INFOCOMM_46\5000717989
005 20250613095438.0
035 _a(NLR Aleph) 009295319
090 _a9245494
_c9245494
100 _a20101006d1970 |||y0rusy50 ca
101 0 _aeng
102 _aRU
105 _aa ||||000|y
200 1 _aEvidence for particle instability of ¹⁰He
_fA. G. Artukh, V. V. Avdeichikov, G. F. Gridnev
210 _aДубна
_d1970
215 _a14 с.
_cил.
_d22 см
225 1 _aˆ[‰Издания]
_fОбъедин. ин-т ядерных исследованийю Лаб. ядерных реакций
_vЕ7-5492
320 _aБиблиогр.: с. 9-10
686 _aФз-1710[В385.421]
_2rubbk
701 1 _9z01790
_aArtukh
_bA. G.
_4070
790 1 _9z01701
_aArtjuch
_bA. G.
_4070
801 1 _aRU
_bNLR
_c20101006
801 0 _aRU
_bNLR
_gPSBO
852 _aNLR
_jP11/3130
942 _cBOOK
980 _aNB